Prórroga del régimen de promoción de la ley 19640 (Registro nro. 20489)

Detalles MARC
000 -LEADER
fixed length control field 00356 a2200121 4500
001 - CONTROL NUMBER
control field ART_55114
005 - DATE AND TIME OF LATEST TRANSACTION
control field 20260410161800.0
008 - FIXED-LENGTH DATA ELEMENTS--GENERAL INFORMATION
fixed length control field 260409a
100 1# - MAIN ENTRY--PERSONAL NAME
Personal name Volman, Mario
245 10 - TITLE STATEMENT
Title Prórroga del régimen de promoción de la ley 19640
700 1# - ADDED ENTRY--PERSONAL NAME
Personal name Casero, Andrea
773 0# - HOST ITEM ENTRY
Title Doctrina tributaria
Related parts - N°502 (ene. 2022)
Record control number REV4296

No hay ítems disponibles.